1 though 100 - One Minute Sprint! - Statistics

General Stats
  • This quiz has been taken 50 times
  • The average score is 88 of 100
Answer Stats
Numbers % Correct
1
100%
10
100%
11
100%
12
100%
13
100%
14
100%
15
100%
16
100%
17
100%
18
100%
19
100%
2
100%
20
100%
21
100%
22
100%
23
100%
24
100%
3
100%
4
100%
5
100%
6
100%
7
100%
8
100%
9
100%
25
96%
26
96%
27
96%
28
96%
29
96%
30
96%
31
96%
32
96%
33
96%
34
96%
35
96%
36
96%
37
96%
38
96%
39
96%
40
96%
41
96%
42
96%
43
96%
44
96%
45
96%
46
96%
47
92%
48
92%
49
92%
50
92%
51
92%
52
92%
53
92%
54
92%
55
92%
56
92%
57
92%
58
92%
59
92%
60
92%
61
92%
62
92%
63
92%
64
92%
65
92%
66
88%
67
88%
68
88%
69
88%
70
88%
71
88%
72
88%
73
83%
74
79%
75
79%
76
79%
77
79%
78
79%
79
79%
80
75%
81
75%
82
71%
83
67%
84
67%
85
67%
86
67%
87
67%
88
67%
89
63%
90
63%
91
63%
92
63%
93
63%
94
63%
95
63%
96
63%
97
58%
100
54%
98
54%
99
54%
No matching quizzes found
Score Distribution
Percent of People with Each Score
Percentile by Number Answered
Your Score History
You have not taken this quiz